00346 2200157 4500001002100000005001500021035002000036245003200056100001500088300000800103260003100111082000800142084001400150990001200164990001200176INLIS00000000000203920250527090802 a0010-05250003311 aOmbak Berbuih /cChiung Yao0 aChiung Yao a352 aJakarta :bGramedia,c1997 a813 a813 CHI o a0712491 a0712492